| Tag |
First Indicator |
Second Indicator |
Subfields |
| LEADER |
00000nam a2200000 4500 |
| 001 |
in00004343003 |
| 005 |
20200812100809.0 |
| 006 |
m g d |
| 007 |
cr bn |||a|bb| |
| 008 |
920325s1646 enk o o00| | eng d |
| 035 |
|
|
|a (UnM)99861253
|
| 037 |
|
|
|a CL0051000002
|b ProQuest Information and Learning. 300 N. Zeeb Rd., Ann Arbor, MI 48106
|
| 040 |
|
|
|a Cu-RivES
|c Cu-RivES
|d CStRLIN
|e dcrb
|d WaOLN
|
| 110 |
1 |
|
|a City of London (England).
|b Court of Common Council.
|
| 245 |
1 |
4 |
|a The humble petition of the Lord Mayor, aldermen, and commons of the city of London in Common Councell assembled, concerning church government: :
|b presented to the House of Peers upon Fryday the 16. of Ianuary 1645. With the answer thereunto. Die Veneris 16. Ian. 1645. Ordered by the Lords in Parliament assembled, that this petition, with the answer thereunto, shall be forthwith printed and published. Ioh. Brown Cler. Parliamentorum.
|
| 260 |
|
|
|a London, :
|b Printed for John Wright at the Kings Head in the old Bayley.,
|c 17. Ian. 1645 [id est 1646]
|
| 300 |
|
|
|a 1 online resource ([2], 6 pages)
|
| 336 |
|
|
|a text
|b txt
|2 rdacontent
|
| 337 |
|
|
|a computer
|b c
|2 rdamedia
|
| 338 |
|
|
|a online resource
|b cr
|2 rdacarrier
|
| 500 |
|
|
|a Wing has publication year 1645[6]; Thomason catalogue lists under 1646.
|
| 500 |
|
|
|a Requests "that no Toleration be granted of Popery, Schisme, Prophanenesse, Etc."--Thomason Catalogue.
|
| 500 |
|
|
|a Reproduction of the original in the British Library.
|
| 510 |
4 |
|
|a Wing (2nd edition)
|c H3532.
|
| 510 |
4 |
|
|a Thomason
|c E.316[20].
|
| 533 |
|
|
|a Electronic reproduction.
|b Ann Arbor, Mich. :
|c UMI,
|d 1999-
|f (Early English books online)
|n Digital version of: (Thomason Tracts ; 52:E316[20])
|7 s1999 miun s
|
| 650 |
|
0 |
|a Religious tolerance
|z England
|v Early works to 1800.
|
| 650 |
|
0 |
|a Catholics
|z England
|v Early works to 1800.
|
| 650 |
|
0 |
|a Separatists
|z England
|v Early works to 1800.
|
| 710 |
1 |
|
|a England and Wales.
|b Parliament.
|b House of Lords.
|
| 830 |
|
0 |
|a Early English books online.
|
| 856 |
4 |
0 |
|u http://proxy.library.tamu.edu/login?url=https://search.proquest.com/docview/2240890735
|z Connect to the full text of this electronic book
|t 0
|
| 999 |
f |
f |
|s af35f28d-339d-3ddb-91d3-4886fbf1c32e
|i 8f2855ed-e1e3-3271-a2fd-6165e5370213
|t 0
|
| 952 |
f |
f |
|a Texas A&M University
|b College Station
|c Electronic Resources
|d Available Online
|t 0
|h No information provided
|
| 998 |
f |
f |
|t 0
|l Available Online
|